[Event "ARG-ch Seniors 50/65"]
[Site "Torre Blanca"]
[Date "2018.10.21"]
[Round "4"]
[White "Godoy, Carlos"]
[Black "Tempone, Marcelo"]
[Result "0-1"]
[WhiteElo "2128"]
[BlackElo "2387"]
[PlyCount "62"]
[EventDate "2018.10.19"]
[EventType "swiss"]
[EventRounds "7"]
[EventCountry "ARG"]
[SourceTitle "CBM 187 Extra"]
[Source "ChessBase"]
[SourceDate "2018.11.04"]
[SourceVersion "1"]
[SourceVersionDate "2018.11.04"]
[SourceQuality "1"]

1. e4 c6 2. d4 d5 3. Nd2 dxe4 4. Nxe4 Bf5 5. Ng3 Bg6 6. N1e2 e6 7. Nf4 Bd6 8. Nxg6 hxg6 9. Ne4 Be7 10. g3 Nf6 11. Bg2 Nxe4 12. Bxe4 Nd7 13. c3 Bg5 14. h4 Bxc1 15. Qxc1 Qb6 16. Qc2 Nf6 17. Bf3 Qa5 18. Qb3 0-0-0 19. g4 Rxd4 20. Kf1 Rf4 21. Qd1 Qb5+ 22. Kg2 Rd8 23. Qc1 Rxf3 24. Kxf3 Rd3+ 25. Kg2 Qd5+ 26. Kg1 Nxg4 27. Qf4 f5 28. c4 Qc5 29. b4 Qxb4 30. Kg2 e5 31. Qg5 Qb2 0-1

[Event "Villa Martelli zt 2.5"]
[Site "Villa Martelli"]
[Date "2017.04.30"]
[Round "1"]
[White "Salinas Herrera, Pablo Patricio"]
[Black "Godoy, Carlos"]
[Result "1-0"]
[WhiteElo "2441"]
[BlackElo "2114"]
[PlyCount "56"]
[EventDate "2017.04.30"]
[EventType "swiss"]
[EventRounds "9"]
[EventCountry "ARG"]
[SourceTitle "CBM 178 Extra"]
[Source "ChessBase"]
[SourceDate "2017.06.22"]
[SourceVersion "1"]
[SourceVersionDate "2017.06.22"]
[SourceQuality "1"]

1. Nf3 e6 2. c4 f5 3. g3 Nf6 4. Bg2 c6 5. 0-0 d5 6. d3 dxc4 7. dxc4 Qxd1 8. Rxd1 Bc5 9. Nc3 Nbd7 10. Nd4 Nb6 11. Nb3 Be7 12. Nd2 e5 13. e4 fxe4 14. Ncxe4 Nxe4 15. Nxe4 Nxc4 16. b3 Nb6 17. Nd6+ Bxd6 18. Rxd6 0-0 19. Bb2 Bg4 20. Bxe5 Rfd8 21. h3 Rxd6 22. Bxd6 Bh5 23. g4 Bf7 24. Bc5 Rd8 25. Re1 Rd7 26. a4 Bd5 27. Re8+ Kf7 28. Rf8+ Kg6 1-0

[Event "ARG-ch Amateur U2300"]
[Site "Torre Blanca"]
[Date "2016.12.10"]
[Round "5.7"]
[White "Leal, Jorge Augusto"]
[Black "Godoy, Carlos"]
[Result "1-0"]
[WhiteElo "2132"]
[BlackElo "2077"]
[PlyCount "69"]
[EventDate "2016.12.08"]
[EventType "swiss"]
[EventRounds "8"]
[EventCountry "ARG"]
[SourceTitle "EXT 2024"]
[Source "ChessBase"]
[SourceDate "2023.10.10"]
[SourceVersion "1"]
[SourceVersionDate "2023.10.10"]
[SourceQuality "1"]

1. d4 g6 2. g3 Bg7 3. Bg2 c5 4. e3 Nf6 5. Nf3 0-0 6. 0-0 Qc7 7. Nbd2 d6 8. b3 cxd4 9. exd4 Qc3 10. Rb1 Bf5 11. Ne1 Qc7 12. Bb2 Nc6 13. Nc4 Be4 14. Ne3 Bxg2 15. Kxg2 e5 16. d5 Ne7 17. c4 a6 18. Rc1 Qd7 19. Nf3 b5 20. Ba3 bxc4 21. bxc4 Rfd8 22. Rb1 Qc7 23. Qa4 Nf5 24. Nxf5 gxf5 25. Rb3 e4 26. Nd4 f4 27. gxf4 Nh5 28. Nf5 Kh8 29. Kh1 Rac8 30. Rfb1 Qxc4 31. Qxc4 Rxc4 32. Nxd6 Rc7 33. Rb8 Rf8 34. Rxf8+ Bxf8 35. Rb8 1-0

[Event "ARG-ch Amateur U2300"]
[Site "Torre Blanca"]
[Date "2016.12.09"]
[Round "4.10"]
[White "Godoy, Carlos"]
[Black "Rodriguez, Luis Jose Lucio"]
[Result "1-0"]
[WhiteElo "2077"]
[BlackElo "1963"]
[PlyCount "75"]
[EventDate "2016.12.08"]
[EventType "swiss"]
[EventRounds "8"]
[EventCountry "ARG"]
[SourceTitle "EXT 2024"]
[Source "ChessBase"]
[SourceDate "2023.10.10"]
[SourceVersion "1"]
[SourceVersionDate "2023.10.10"]
[SourceQuality "1"]

1. Nf3 Nf6 2. g3 g6 3. b3 Bg7 4. Bb2 0-0 5. Bg2 d5 6. 0-0 c5 7. c4 dxc4 8. bxc4 Nc6 9. d3 h6 10. Nc3 Nd7 11. Rb1 e5 12. Nd5 Re8 13. Nd2 Nf8 14. Ne4 b6 15. f4 Bf5 16. fxe5 Nxe5 17. Nef6+ Bxf6 18. Nxf6+ Qxf6 19. Bxa8 Rxa8 20. e4 Qg5 21. exf5 Qe3+ 22. Kg2 Nxd3 23. fxg6 Nxg6 24. Rf3 Nxb2 25. Rxe3 Nxd1 26. Rxd1 a6 27. Rd6 b5 28. Ra3 bxc4 29. Rdxa6 Rxa6 30. Rxa6 Ne5 31. Kf1 Kg7 32. Ke2 h5 33. a4 c3 34. Ra5 Nd7 35. Kd3 Kf6 36. Kxc3 Kf5 37. Rb5 Ke5 38. a5 1-0

[Event "Buenos Aires Rubinstein Memorial 26th"]
[Site "Buenos Aires"]
[Date "2016.08.12"]
[Round "8"]
[White "Godoy, Carlos"]
[Black "Franco, Gaston Nicolas"]
[Result "0-1"]
[WhiteElo "2074"]
[BlackElo "2028"]
[PlyCount "74"]
[EventDate "2016.08.06"]
[EventType "swiss"]
[EventRounds "8"]
[EventCountry "ARG"]
[SourceTitle "CBM 174 Extra"]
[Source "ChessBase"]
[SourceDate "2016.10.10"]
[SourceVersion "1"]
[SourceVersionDate "2016.10.10"]
[SourceQuality "1"]

1. e4 c5 2. Nf3 Nc6 3. d4 cxd4 4. Nxd4 g6 5. Nc3 Bg7 6. Nb3 Nf6 7. Be2 0-0 8. 0-0 d6 9. Bg5 Be6 10. f4 Na5 11. Kh1 Rc8 12. f5 Bc4 13. e5 Bxe2 14. Qxe2 Nxb3 15. exf6 exf6 16. axb3 fxg5 17. Rxa7 Bxc3 18. bxc3 Rxc3 19. Qd2 Qf6 20. Rxb7 Rfc8 21. Qd1 gxf5 22. Rb5 f4 23. Rd5 R8c6 24. Rf2 Re3 25. c4 Ra6 26. Rf1 h6 27. h3 Qe6 28. Rd2 Rb6 29. c5 dxc5 30. Rd8+ Kg7 31. Qa1+ Qe5 32. Qa8 Rbxb3 33. Rg8+ Kh7 34. Rf8 Qe6 35. Rh8+ Kg6 36. Qg8+ Kh5 37. h4 Rh3+ 0-1

[Event "ARG-chT"]
[Site "Villa Martelli"]
[Date "2015.09.26"]
[Round "5.5"]
[White "Godoy, Carlos"]
[Black "Maldonado, Leonardo Amilcar"]
[Result "1-0"]
[WhiteElo "2102"]
[BlackElo "1835"]
[PlyCount "61"]
[EventDate "2015.08.29"]
[EventType "team-swiss"]
[EventRounds "9"]
[EventCountry "ARG"]
[SourceTitle "EXT 2017"]
[Source "ChessBase"]
[SourceDate "2016.10.25"]
[SourceVersion "1"]
[SourceVersionDate "2016.10.25"]
[SourceQuality "1"]
[WhiteTeam "San Isidro"]
[BlackTeam "Moreno"]
[WhiteTeamCountry "ARG"]
[BlackTeamCountry "ARG"]

1. e4 e6 2. d4 d5 3. Nd2 c5 4. exd5 exd5 5. Bb5+ Nc6 6. Ngf3 Nf6 7. 0-0 Be7 8. dxc5 0-0 9. Nb3 Bf5 10. c3 Rc8 11. Nfd4 Bg6 12. Nxc6 bxc6 13. Ba6 Rc7 14. Be3 Rd7 15. Nd4 Bxc5 16. Nxc6 Qb6 17. Bxc5 Qxc5 18. Ne5 Rd6 19. Nxg6 hxg6 20. Bd3 Rb8 21. Rb1 Rdb6 22. Qc2 d4 23. cxd4 Qxd4 24. b3 Rd8 25. Bc4 Rbd6 26. h3 Qf4 27. Rbe1 Rd2 28. Qb1 g5 29. Re7 g4 30. Rxf7 Kh8 31. Qg6 1-0

[Event "ARG-chT"]
[Site "Villa Martelli"]
[Date "2015.09.05"]
[Round "2.6"]
[White "Godoy, Carlos"]
[Black "Conde, Adrian"]
[Result "1/2-1/2"]
[WhiteElo "2102"]
[BlackElo "2090"]
[PlyCount "74"]
[EventDate "2015.08.29"]
[EventType "team-swiss"]
[EventRounds "9"]
[EventCountry "ARG"]
[SourceTitle "EXT 2017"]
[Source "ChessBase"]
[SourceDate "2016.10.25"]
[SourceVersion "1"]
[SourceVersionDate "2016.10.25"]
[SourceQuality "1"]
[WhiteTeam "San Isidro"]
[BlackTeam "Tacticos y Estrategas"]
[WhiteTeamCountry "ARG"]
[BlackTeamCountry "ARG"]

1. e4 e5 2. Nf3 Nc6 3. d4 exd4 4. Nxd4 Bc5 5. Be3 Qf6 6. c3 Qg6 7. Nd2 Nxd4 8. cxd4 Bb4 9. Qc2 Ne7 10. 0-0-0 0-0 11. Bd3 d5 12. f3 Bxd2+ 13. Qxd2 dxe4 14. fxe4 f5 15. Bc4+ Kh8 16. Rhf1 Bd7 17. e5 Qc6 18. Qc2 Be6 19. Bxe6 Qxe6 20. Kb1 Nd5 21. Bd2 Rad8 22. Rf3 Qg6 23. Rg3 Qh5 24. h3 f4 25. Rf3 Qf5 26. Qxf5 Rxf5 27. h4 g5 28. g4 Rf7 29. hxg5 Rg8 30. Rdf1 Rxg5 31. Bxf4 Rxg4 32. Bh6 Rxf3 33. Rxf3 Rg6 34. Rf8+ Rg8 35. Rf7 Rg6 36. Rf8+ Rg8 37. Rf7 Rg6 1/2-1/2

[Event "ARG-ch sf 90th"]
[Site "Buenos Aires"]
[Date "2015.08.22"]
[Round "4"]
[White "Godoy, Carlos"]
[Black "Toniutti, Ezio"]
[Result "0-1"]
[WhiteElo "2059"]
[BlackElo "2215"]
[PlyCount "90"]
[EventDate "2015.08.20"]
[EventType "swiss"]
[EventRounds "9"]
[EventCountry "ARG"]
[SourceTitle "EXT 2016"]
[Source "ChessBase"]
[SourceDate "2015.10.08"]
[SourceVersion "1"]
[SourceVersionDate "2015.10.08"]
[SourceQuality "1"]

1. e4 d6 2. d4 Nf6 3. Nc3 g6 4. g3 Bg7 5. Bg2 0-0 6. Nge2 e5 7. 0-0 Nc6 8. h3 exd4 9. Nxd4 Bd7 10. Be3 Re8 11. Re1 a6 12. a4 Nb4 13. a5 c5 14. Nde2 Bc6 15. f3 Qe7 16. Nf4 Rad8 17. Bf2 Qf8 18. Nd3 Nxd3 19. cxd3 Nd7 20. d4 cxd4 21. Bxd4 Nc5 22. Bf2 Qe7 23. Qc2 Qe6 24. Ra3 Rc8 25. Kh2 h5 26. h4 Qe7 27. Bh3 Nd7 28. Qd2 Ne5 29. Nd5 Bxd5 30. exd5 f5 31. Bf1 Qf7 32. Kg2 Re7 33. Rb3 Rec7 34. Rc3 Rxc3 35. bxc3 Kh7 36. Rb1 Bh6 37. Qb2 Nxf3 38. Qxb7 Rc7 39. Qxa6 Bg7 40. Qxd6 f4 41. Be2 fxg3 42. Bxg3 Rxc3 43. Qb6 Qf5 44. a6 Nxh4+ 45. Bxh4 Qh3+ 0-1

[Event "Villa Martelli Pro Am op 16th"]
[Site "Villa Martelli"]
[Date "2009.10.23"]
[Round "8"]
[White "Zuriel, Marisa"]
[Black "Godoy, Carlos"]
[Result "1/2-1/2"]
[WhiteElo "2184"]
[BlackElo "2131"]
[PlyCount "88"]
[EventDate "2009.10.15"]
[EventType "swiss"]
[EventRounds "9"]
[EventCountry "ARG"]
[SourceTitle "CBM 132 Extra"]
[Source "ChessBase"]
[SourceDate "2009.11.03"]
[SourceVersion "1"]
[SourceVersionDate "2009.11.03"]
[SourceQuality "1"]

1. e4 c5 2. Nf3 d6 3. d4 cxd4 4. Nxd4 Nf6 5. Nc3 a6 6. g3 e6 7. Bg2 Be7 8. 0-0 Qc7 9. Be3 Nc6 10. Nxc6 bxc6 11. Na4 Rb8 12. c4 0-0 13. b3 c5 14. Nc3 Bb7 15. Rc1 Bc6 16. Re1 Qb7 17. Bf4 Rbd8 18. Qe2 Rfe8 19. Rcd1 h6 20. g4 Nh7 21. Bg3 Bf6 22. Rd3 Bd4 23. Bh4 g5 24. Bg3 f5 25. h3 Nf6 26. Kh1 Bxc3 27. Rxc3 Nxe4 28. Bxe4 Bxe4+ 29. f3 Bc6 30. Rd1 f4 31. Bf2 e5 32. Kh2 e4 33. fxe4 Bxe4 34. Qd2 Bf3 35. Re1 Be4 36. Rcc1 Qf7 37. Rcd1 h5 38. gxh5 Qxh5 39. Rxe4 Rxe4 40. Qd5+ Kh8 41. Qxe4 Qxd1 42. Qg6 Rf8 43. Qh6+ Kg8 44. Qg6+ Kh8 1/2-1/2

[Event "Villa Martelli Pro Am op 16th"]
[Site "Villa Martelli"]
[Date "2009.10.18"]
[Round "3"]
[White "Godoy, Carlos"]
[Black "Rasgido, Alejandro"]
[Result "1-0"]
[WhiteElo "2131"]
[BlackElo "2002"]
[PlyCount "62"]
[EventDate "2009.10.15"]
[EventType "swiss"]
[EventRounds "9"]
[EventCountry "ARG"]
[SourceTitle "CBM 132 Extra"]
[Source "ChessBase"]
[SourceDate "2009.11.03"]
[SourceVersion "1"]
[SourceVersionDate "2009.11.03"]
[SourceQuality "1"]

1. e4 e5 2. Nf3 Nf6 3. Nxe5 d6 4. Nf3 Nxe4 5. d4 d5 6. Bd3 Bd6 7. 0-0 0-0 8. c4 c6 9. cxd5 cxd5 10. Nc3 Nxc3 11. bxc3 Bg4 12. Rb1 Nd7 13. Rb5 Nb6 14. h3 Bh5 15. c4 Bxf3 16. Qxf3 dxc4 17. Be2 Qd7 18. a4 g6 19. Bd2 Rac8 20. Rfb1 c3 21. Bh6 Rfe8 22. R5b3 Qxa4 23. Qxb7 Qxd4 24. Qf3 Qe5 25. g3 Nc4 26. Rxc3 Qa5 27. Rbb3 Ne5 28. Qf6 Bf8 29. Rxc8 Rxc8 30. Bf4 Nc4 31. Bxc4 Rxc4 1-0

[Event "Merlo IRT 5th"]
[Site "Merlo"]
[Date "2009.01.06"]
[Round "9"]
[White "Godoy, Carlos"]
[Black "Preuss, Maximiliano"]
[Result "1/2-1/2"]
[WhiteElo "2199"]
[BlackElo "2114"]
[PlyCount "41"]
[EventDate "2008.12.19"]
[EventType "tourn"]
[EventRounds "9"]
[EventCountry "ARG"]
[SourceTitle "CBM 128 Extra"]
[Source "ChessBase"]
[SourceDate "2009.03.05"]
[SourceVersion "2"]
[SourceVersionDate "2009.03.25"]
[SourceQuality "1"]

1. d4 Nf6 2. c4 g6 3. Nc3 Bg7 4. g3 d5 5. cxd5 Nxd5 6. Bg2 Nb6 7. Nf3 0-0 8. e4 Bg4 9. d5 f5 10. h3 fxe4 11. Nxe4 Bf5 12. Nfg5 c6 13. d6 exd6 14. Qxd6 h6 15. g4 hxg5 16. gxf5 gxf5 17. Qe6+ Rf7 18. Nxg5 Qe7 19. 0-0 Qxe6 20. Nxe6 Bf6 21. Bf4 1/2-1/2

[Event "Merlo IRT 5th"]
[Site "Merlo"]
[Date "2008.12.20"]
[Round "2"]
[White "Godoy, Carlos"]
[Black "Barrionuevo, Pablo"]
[Result "0-1"]
[WhiteElo "2199"]
[BlackElo "2341"]
[PlyCount "44"]
[EventDate "2008.12.19"]
[EventType "tourn"]
[EventRounds "9"]
[EventCountry "ARG"]
[SourceTitle "CBM 128 Extra"]
[Source "ChessBase"]
[SourceDate "2009.03.05"]
[SourceVersion "2"]
[SourceVersionDate "2009.03.25"]
[SourceQuality "1"]

1. e4 d6 2. d4 Nf6 3. Nc3 g6 4. f4 Bg7 5. Nf3 0-0 6. Bd3 Na6 7. 0-0 c5 8. e5 Ne8 9. Bxa6 cxd4 10. Nxd4 bxa6 11. Be3 Bb7 12. e6 f5 13. g4 Qa5 14. Qd3 Rc8 15. gxf5 Bxd4 16. Bxd4 Rxf5 17. Rae1 Qc7 18. Re2 Nf6 19. Bxf6 Rxf6 20. Ne4 Qb6+ 21. Rff2 Rxf4 22. Kf1 Bxe4 0-1

[Event "ARG-ch 79th"]
[Site "Buenos Aires"]
[Date "2004.09.29"]
[Round "7"]
[White "Godoy, Carlos"]
[Black "Lanza, Diego"]
[Result "1-0"]
[WhiteElo "2212"]
[BlackElo "2079"]
[PlyCount "39"]
[EventDate "2004.09.24"]
[EventType "swiss"]
[EventRounds "9"]
[EventCountry "ARG"]
[SourceTitle "CBM 102 Extra"]
[Source "ChessBase"]
[SourceDate "2004.11.03"]
[SourceVersion "1"]
[SourceVersionDate "2004.11.03"]
[SourceQuality "1"]

1. e4 c5 2. Nf3 Nc6 3. d4 cxd4 4. Nxd4 Nf6 5. Nc3 e5 6. Ndb5 a6 7. Nd6+ Bxd6 8. Qxd6 Qe7 9. Qd1 h6 10. Be2 d6 11. 0-0 Be6 12. f4 Rd8 13. f5 Bc8 14. Be3 b5 15. a4 b4 16. Nd5 Qb7 17. Bxa6 Qd7 18. Nb6 Qa7 19. Bxc8 Rxc8 20. Nc4 1-0